BFDI Quotes Quiz - Statistics

General Stats
  • This quiz has been taken 277 times
  • The average score is 50 of 74
Answer Stats
Hint Answer % Correct
Ice Cube! Don't you think I look beautiful? Flower
99%
Our team has now prevented 0.00 deaths. Remote
88%
Aw, seriously? David
85%
Wa wah! Wah? Woody
80%
For a prank, suspend the Firey Recovery Center above a lake. It's simple! Blocky
79%
GO ICE CUBE!! THIS IS THE BEST TEAM EVER!! TEAM ICE CUBE ALL THE WAY!! Bracelety
79%
The cake this time is Donut's corpse, chopped up into 18 little pieces. Firey Speaker Box
77%
[ -... . . .--. ] Roboty
77%
I side with Robot Flower. Mechanical minds stick together. TV
77%
For once it was good to be bouncy! Basketball
76%
Yoylecake! Bubble
76%
Hi everyone! Are you tired of battling for a DUMB prize? Two
76%
Yeah, who? I wanna know! Yeah, who? I wanna know! Yeah, who? I wanna know! Puffball
75%
I didn't mean to make my team lose! My, my stapler instincts made me do that! Stapy
75%
You've still got 73 more levels to go before you reach my level of niceness. Leafy
74%
When I joined this team, I thought I could put my traumatic killing past behind me. Liy
74%
WAAAAAAAAAAAAAAAAHHH!!!! I didn't go to gem school! Ruby
74%
Well, I can warp spacetime so hard... there will literally be no tomorrow. Black Hole
73%
Woo! Now my chances of winning went up from 5% to 5.263%! Golf Ball
73%
HOLY ROLY POLY CRAWLING IN GUACAMOLE! Nickel
73%
Life is cheap! Get me a banana! Bomby
72%
Oh, I know the answer's glue, but I'm too scared to buzz in without Loser to support me! Cake
72%
I don't know what your point is, but these Grotatoes, they're not for eating; they're for me. Fries
72%
You know, an egg inside of an egg? Eggception, if you will. Eggy
71%
I don't have a favorite number. 8-Ball
70%
I am kind of forgettable. But Four, my old chum, I'm even in the intro. Here, take a look! Profily
70%
Bulleh! Rocky
70%
Oh my SAP! (Sick airplane passenger) Fine then. I'll team up with Spongy... Barf Bag
69%
WHEEL OOZE A HOLE BUNCH! Coiny
69%
I'm Grassy! Grassy
69%
You don't understand, Pen! Pentagons are extremely scary! Eraser
68%
I nailed it! Naily
68%
Don't call me "Needy"! Needle
68%
I realized that what I wanted most wasn't Dream Island. It's you, your friendship. Firey
67%
Saw through me, yeah yeah yeah! Kill me quick, yeah yeah yeah! Pencil
67%
Well, Four became a... FACTOR of zero... if you know what I mean. Tennis Ball
67%
Uh, I'd rather not have my name in the team name, actually? Winner
67%
Hey! You spilled the air out of my basket! Oh well, that's fine. X
67%
We had to sell it because of budget cuts. Announcer
66%
Agh! Ding ding ding! Help alert! I need this Eraser off of me! Bell
66%
Zleeping? I love zleeping! That's when I ket to gollect dreams! Cloudy
66%
Don't you wanna battle to win a prize? Four
66%
Care to give me some air? No straw needed~ Lollipop
66%
Will you play Toss the Dirt with me? Marker
66%
Wait, you don't know? My legal name is actually... 🅱en. Pen
66%
I don't HATE this CRATE's TRAITs! I RATE it a STRAIGHT EIGHT out of EIGHT! Saw
66%
No, no way. There is no way I'm gonna be on this team of weak, armless- Snowball
66%
LOOK! I TOLD YOU TACO ABANDONED US!! Hnnn grr nny nynnng grr! Hy gy grr... Book
65%
Watches are wannabes. Clock
65%
...we don't sell personal bubble recovery centers, so they died. So yeah! Buy now! Yellow Face
65%
...I see hope. I see strength. I see ingenuity! Firey Jr., there's no one quite like you! Donut
64%
An island eater such as myself has always been fated to go hungry. Dora
64%
Some days I survive; other days I don't. It's no big deal either way. Pie
63%
I like to skydive, and play ping pong, and table tennis... sail airplanes... Spongy
63%
No Book, that's not true! I'm right here! I'M RIIIIIGHT HEEEEEEREEE!!! Taco
63%
That's it, I'm "leaf"-ing! Tree
63%
Hee hee! It tickles! Eh he, heh.... AAAAAAAAAAAAAAA- Bottle
62%
I HATE THIS! I HATE THIS!!! AAAH! AAH! I HATE THIS! AAAH! Fanny
61%
Like my periwinkality! And my girl... ness. Gaty
61%
Just wanting to kill people. Pillow
61%
These team names are so stupid! Is it always like this? Price Tag
61%
Thanks for picking me. Pencil wouldn't let me into her alliance! Ice Cube
60%
No! This can't be happening! How can I- "Close Connection?" When did this get here? Robot Flower
59%
I told you people like salt and vinegar! Balloony
58%
You know what? I never liked any of you! Who cares about Team Ice Cube anyway? Firey Jr.
58%
You mean... the TINKLE of contagion? Gelatin
58%
There's enough of me to go around! Loser
53%
What? That's crazy! Pin
52%
Nah. If we're gonna smile, we're gonna smile real big! Foldy
51%
Racist! Get this guy out of hiyah! Purple Face
49%
And in the closest voting EVER, Flower manages to stay in the game!! Flower Speaker Box
48%
It's really not. That would be like if I called YOU 'Shatter Sound'. Lightning
48%
That's right! It's time for Cake at STAAAAAAAAAAAAAAAA- Puffball Speaker Box
47%
Crudliously? Like, Snowball? Match
45%
No matching quizzes found
Score Distribution
Percent of People with Each Score
Percentile by Number Answered
Your Score History
You have not taken this quiz